Evolución y perspectiva del sistema nacional de transparencia a 9 años de su creación (Record no. 172004)
[ view plain ]
| 000 -LEADER | |
|---|---|
| fixed length control field | 00875nam a22001937a 4500 |
| 005 - DATE AND TIME OF LATEST TRANSACTION | |
| control field | 20250709111738.0 |
| 008 - FIXED-LENGTH DATA ELEMENTS--GENERAL INFORMATION | |
| fixed length control field | 250704b mx |||||||| |||| 00| 0 spa d |
| 050 04 - LIBRARY OF CONGRESS CALL NUMBER | |
| Classification number | KGF3015 |
| Item number | E96 2024 |
| 245 00 - TITLE STATEMENT | |
| Title | Evolución y perspectiva del sistema nacional de transparencia a 9 años de su creación |
| Statement of responsibility, etc | / Cynthia Patricia Cantero Pacheco ... [et. al.]. |
| 250 ## - EDITION STATEMENT | |
| Edition statement | 1a ed. |
| 260 ## - PUBLICATION, DISTRIBUTION, ETC. (IMPRINT) | |
| Place of publication, distribution, etc | México : |
| Name of publisher, distributor, etc | Instituto Nacional de Transparencia, Acceso a la Información y Proteccion de Datos Personales ( INAI ) : |
| -- | Sistema Nacional de Transparencia , |
| Date of publication, distribution, etc | 2024 |
| 300 ## - PHYSICAL DESCRIPTION | |
| Extent | 138 p. ; |
| Dimensions | 22 cm. |
| 650 #7 - SUBJECT ADDED ENTRY--TOPICAL TERM | |
| Source of heading or term | lemb |
| Topical term or geographic name as entry element | Libertad de información |
| 650 #7 - SUBJECT ADDED ENTRY--TOPICAL TERM | |
| Source of heading or term | lemb |
| Topical term or geographic name as entry element | Transparencia en el gobierno |
| General subdivision | Legislación |
| 650 #4 - SUBJECT ADDED ENTRY--TOPICAL TERM | |
| Topical term or geographic name as entry element | Acceso a la informacion pública |
| 700 1# - ADDED ENTRY--PERSONAL NAME | |
| Personal name | Cantero Pacheco, Cynthia Patricia, |
| Relator term | autor |
| 700 1# - ADDED ENTRY--PERSONAL NAME | |
| Personal name | Hernández Godinez, Alfonso, |
| Relator term | autor |
| 942 ## - ADDED ENTRY ELEMENTS (KOHA) | |
| Source of classification or shelving scheme | Biblioteca del Cogreso de los Estados Unidos |
| Koha item type | Libro |
| Estado de pérdida | Fuente de clasificación | Estado del daño | No para préstamo | Ubicación permanente | Ubicación actual | Apartado o colección | Fecha de adquisición | Fuente de adquisición | Edición | Área del conocimiento | Total Checkouts | Clasificación | Código de Barras | Date last seen | Número de copia | Costo por reposición | Tipo de recurso |
|---|---|---|---|---|---|---|---|---|---|---|---|---|---|---|---|---|---|
| Biblioteca del Cogreso de los Estados Unidos | Biblioteca de la Preparatoria José Ma. Morelos | Biblioteca de la Preparatoria José Ma. Morelos | General | 08/07/2025 | Donación | 1a ed. | Ciencias Sociales y Administrativas | KGF3015 E96 2024 | PJM000004793 | 08/07/2025 | 1 | 1.00 | Libro | ||||
| Biblioteca del Cogreso de los Estados Unidos | Biblioteca de la Preparatoria José Ma. Morelos | Biblioteca de la Preparatoria José Ma. Morelos | General | 08/07/2025 | Donación | 1a ed. | Ciencias de la Salud | KGF3015 E96 2024 | PJM000004794 | 08/07/2025 | 2 | 1.00 | Libro |